Villes du Centre-Val-de-Loire A-Z - Statistiques

Statistiques générales
  • Ce quiz a été pris 246 fois
    37 depuis la dernière actualisation
  • Le résultat moyen est 12 sur 22
Statistiques - réponses
Ville Population Département % Correct
O Orléans 116 000 Loiret 45
100%
B Bourges 64 000 Cher 18
94%
C Châteauroux 43 000 Indre 36
94%
T Tours 139 000 Indre-et-Loire 37
91%
D Dreux 32 000 Eure-et-Loir 28
88%
V Vierzon 25 000 Cher 18
82%
M Montargis 15 000 Loiret 45
79%
J Joué-les-Tours 38 000 Indre-et-Loire 37
76%
I Issoudun 11 000 Indre 36
70%
R Romorantin-Lanthenay 18 000 Loir-et-Cher 41
70%
P Pithiviers 9 000 Loiret 45
55%
F Fleury-les-Aubrais 22 000 Loiret 45
48%
G Gien 13 000 Loiret 45
48%
N Nogent-le-Rotrou 9 000 Eure-et-Loir 28
42%
S Saint-Jean-de-Braye 23 000 Loiret 45
39%
L Lucé 16 000 Eure-et-Loir 27
33%
A Amilly 14 000 Loiret 56
30%
Y Yèvre 2 000 Eure-et-Loir 28
9%
E Esvres 6 000 Indre-et-Loire 37
6%
Q Quiers-sur-Bezonde 1 000 Loiret 45
6%
U Unverre 1 000 Eure-et-Loir 28
3%
H Hanches 3 000 Eure-et-Loir 28
0%
Aucun quiz correspondant
Distribution des résultats
% des personnes avec chaque résultat
Percentile par nombre de réponses
Votre historique - résultats
Vous n’avez pas pris ce quiz depuis la dernière actualisation